Statistiques concernant TOTS FIFA23-PREMIER LEAGUE

Cliquez ici pour prendre le quiz!

Statistiques générales

  • Ce quiz a été pris 239 fois
  • Le résultat moyen est 14 sur 15

Statistiques - réponses

INDICEREPONSE% Correct
BU-CITYHAALAND
97%
AD-LIVERPOOLSALAH
97%
BU-TOTTENHAMKANE
96%
MDC-MANCHESTER UNITEDCASEMIRO
95%
GK-ARSENALRAMSDALE
94%
MC-CITYDE BRUYNE
93%
AG-MANCHESTER UNITEDRASHFORD
93%
AD-ARSENALSAKA
93%
DC-CITYDIAS
92%
DD-NEWCASTLETRIPPIER
92%
DC-ARSENALSALIBA
91%
AG-ARSENALMARTINELLI
87%
MC-ARSENALODEGAARD
87%
DG-ARSENALZINCHENKO
82%
MC-NEWCASTLEGUIMARAES
65%

Distribution des résultats

Percentile par nombre de réponses

% des personnes avec chaque résultat

Votre développement - résultats

Vous n’avez pas pris ce quiz